Statystyki dla Kraje najbliżej Słowacji

Kliknij tutaj aby rozwiązać quiz!

Ogólne statystyki

  • Ten quiz został rozwiązany 1 168 razy
  • Średni wynik to 18 z 20

Statystyki odpowiedzi

kmkraj% Poprawnych
0Polska
100%
0Czechy
99%
0Ukraina
98%
224Niemcy
97%
0Wegry
97%
0Austria
95%
168Chorwacja
91%
142Slowenia
91%
71Rumunia
90%
189Serbia
89%
267Bialorus
87%
539Rosja
86%
321Moldawia
85%
304Wlochy
84%
282Bosnia i
Hercegowina
82%
497Bulgaria
81%
502Szwajcaria
81%
527Kosowo
75%
517Litwa
75%
468Czarnogóra
70%

Rozkład punktacji

Percentyl według liczby udzielonych odpowiedzi

Procent ludzi z każdym wynikiem

Twoja historia wyników

Nie rozwiązałeś tego quizu